000
00212nam a22000977a 4500
082
_a
526.9
_b
SUR
245
_a
Survey in WAR
250
_a
3ed ed.
526
_a
0
_b
0
_c
0
_d
526_900000000000000_SUR
942
_2
ddc
_c
BK
999
_c
553141
_d
553141